Normal view MARC view
  • Sierra i Fabra, Jordi,

Entry Nombre Personal

Number of records used in: 51

001 - NUMERO DE CONTROL

  • campo de control: 30256

003 - IDENTIFICADOR DE NUMERO DE CONTROL

  • campo de control: MX-MxUPN

005 - FECHA Y HORA DE LA ÜLTIMA TRANSACCIÓN

  • campo de control: 20240809162208.0

008 - DATOS DE LONGITUD FIJA

  • campo de control de longitud fija: 240809|||acannaabn | aaa |d

010 ## - NÚMERO DE CONTROL DE LA BIBLIOTECA DEL CONGRESO

  • Número de control LC: n 79038529

035 ## - NUMERO DE CONTROL

  • Número de control: UPN11000002362

035 ## - NUMERO DE CONTROL

  • Número de control: (OCoLC)oca00272049

040 ## - FUENTE DE CATALOGACIÓN

  • Lenguaje de catalogación: spa
  • Agencia de transcripción: DLC
  • Agencia original de catalogación: DLC
  • Agencia que lo modifica: DLC
  • Agencia que lo modifica: OCoLC
  • Agencia que lo modifica: InU
  • Agencia que lo modifica: MX-MxUPN

046 ## - FECHAS CON CODIFICACIÓN ESPECIAL

  • Fecha de nacimiento: 19740726

053 #4 - NÚMERO DE CLASIFICACIÓN LC

  • Número de clasificación elemento-número único o número inicial de tramo: PQ6669 I36

100 1# - ENCABEZAMIENTO - NOMBRE PERSONAL

  • Nombre personal: Sierra i Fabra, Jordi,
  • Fechas asociadas con el nombre: 1947-

370 ## - LUGAR ASOCIADO

  • Place of birth: Barcelona (España)

374 ## - OCUPACIÓN

  • Occupation: Escritor

670 ## - FUENTE EN LA QUE SE LOCALIZARON DATOS

  • Cita de la fuente: LC, 09 agosto 2024 :
  • Uniform Resource Identifier: https://lccn.loc.gov/n79038529

680 ## - NOTA PUBLICA DE ACCESO PÚBLICO

  • Frase explicativa de la referencia: Escritor español

902 ## - CATALOGADOR

  • Catalogador: CAA/050810